000 00244nam a2200109Ia 4500
008 190216s9999||||xx |||||||||||||| ||und||
100 _aDas Gupta P
245 0 _aStudies In Cost Accounting
260 _bNull
_c1978
300 _a598p
942 _cBK
999 _c4345
_d4345